Famous Poets Quiz Stats

 Plays Quiz Updated Nov 8, 2018

Support Sporcle.
Go Orange.
Score 0/20 Timer 06:00
2 Plays Today
Poem Title Poet % Correct
The RavenEdgar Allan Poe
86.6%
Paradise LostJohn Milton
77.7%
The Road Not TakenRobert Frost
72.2%
Song of Myself (from 'Leaves of Grass')Walt Whitman
61.1%
The Waste LandT. S. Eliot
59.1%
Ode to a NightingaleJohn Keats
58.5%
I Wandered Lonely As a CloudWilliam Wordsworth
50%
'I felt a Funeral, in my Brain'Emily Dickinson
46.3%
Ode to the West WindPercy Bysshe Shelley
45%
i carry your heart with mee. e. cummings
43.4%
Poem Title Poet % Correct
Easter 1916William Butler Yeats
41.7%
Sonnet 43 ('How do I love thee? Let me count the ways')Elizabeth Barrett Browning
41.2%
Kubla KhanSamuel Taylor Coleridge
40.7%
Do Not Go Gentle into That Good NightDylan Thomas
39.9%
HarlemLangston Hughes
38.7%
PrometheusGeorge Gordon, Lord Byron
38.3%
The Lady of ShalottAlfred, Lord Tennyson
37.5%
HowlAllen Ginsberg
37.3%
Lady LazarusSylvia Plath
29.8%
A Song of Despair/una canciĆ³n desesperadaPablo Neruda
26.1%

You're not logged in!

Compare scores with friends on all Sporcle quizzes.
OR
Log In
Forgot?

From the Vault

Video Game Life Bars

by dolebanana

Gaming 5m
I don't need to 'Get a Life' I'm a gamer, I have lots of lives.
Remove Ads.
Support Sporcle.
Get the best of Sporcle when you Go Orange. This ad-free experience offers more features, more stats, and more fun while also helping to support Sporcle. Thank you for becoming a member.

Show Comments

Extras

Top Quizzes Today


Score Distribution

Your Account Isn't Verified!

In order to create a playlist on Sporcle, you need to verify the email address you used during registration. Go to your Sporcle Settings to finish the process.

Report this User

Report this user for behavior that violates our Community Guidelines.

Details: